| 000 | 00471cam a2200193ua 4500 | ||
|---|---|---|---|
| 001 | 5081 | ||
| 008 | 150129n ii |||gr||||Z||||||eng | ||
| 040 | _cMAIN | ||
| 041 | _aeng | ||
| 082 | _a824 | ||
| 100 |
_aBacon, Francics, _eAuthor., |
||
| 245 |
_aEssay _cby Francis Bacon |
||
| 250 | _a22th. | ||
| 260 |
_aNew Delhi: _bRama brothers india pvt. ltd., _c1996. |
||
| 300 |
_a441p: _c23cm. |
||
| 653 | _aEnglish essays | ||
| 700 |
_aLall, Ramji, _eEditor., |
||
| 942 | _cBK | ||
| 999 |
_c4265 _d4265 |
||